| 000 | 00977nam a2200289 i 4500 | ||
|---|---|---|---|
| 003 | EG-GICUC | ||
| 005 | 20260420154558.0 | ||
| 008 | 251113s1961 -uk||||fr|||| 00| 0 eng d | ||
| 040 |
_aEG-GiCUC _beng _cEG-GiCUC _dEG-GiCUC _eRda |
||
| 041 | _aeng | ||
| 082 | 0 | 4 |
_221 _a338.9 _bMY . B |
| 092 | 0 | 4 | _221 |
| 099 | _aLaw1 13 338.9 MY . B 1961 | ||
| 100 | 1 |
_aMyrdal, Gunnar _eAuthor. |
|
| 245 | 1 | 0 |
_aBeyond The Welfare State : _bEconomic Planing In The Welfare States And Its International Implications / _cBy Gunnar Myrdal. |
| 264 | 1 |
_aLondon : _bGerald Duckworth & Co, _c1961. |
|
| 300 |
_a214 page ; _c 24 cm. |
||
| 336 |
_2rda contenu _a texte |
||
| 337 |
_2rda medias _aOrdinateur |
||
| 338 |
_2 transporteur rda _a Ressource en ligne |
||
| 546 | _aText in English | ||
| 650 | 1 | _aPublic finance and tax legislation | |
| 700 | 1 |
_aKuznets, Simon _eContributor |
|
| 856 | 4 | 0 | _uhttps://fll.law.cu.edu.eg/fulltext/bks/B13-07521.pdf |
| 905 | _a49 | ||
| 942 |
_2ddc _cBK _e21 _n0 |
||
| 999 |
_c43074 _d43074 |
||